Teoría y problemas de dinámica de fluidos

Gorde:
Xehetasun bibliografikoak
Egile Nagusiak: Hughes, William F (Egilea), Brighton, John A (Egilea)
Formatua: Liburua
Hizkuntza:gaztelania
Argitaratua: Ciudad de México McGraw-Hill 1970
Saila:Serie de Compendios Schaum
Gaiak:
Etiketak: Etiketa erantsi
Etiketarik gabe, Izan zaitez lehena erregistro honi etiketa jartzen!

MARC

LEADER 00000nam a2200000 a 4500
001 UCY2446
003 CL-VaPUC
008 941026e19700000MX |||||||||||||||||spa|d
082 0 4 |a 620.106  |b HUG  |2 21 
100 |a Hughes, William F  |e author  |9 479701 
700 0 |a Brighton, John A  |e author  |9 330473 
245 1 0 |a Teoría y problemas de dinámica de fluidos 
300 |a 259 p 
942 |c BK 
945 |d 19941026 00:00:00  |a mfernand 
260 |a Ciudad de México  |b McGraw-Hill  |c 1970 
650 0 |a Dinámica de fluidos  |9 260582 
583 |a last modification  |c 19941026 00:00:00  |k Rodrigo Vera 
490 0 |a Serie de Compendios Schaum 
999 |c 230849  |d 230847 
952 |0 0  |1 0  |2 ddc  |4 0  |6 620_106000000000000_HUG_1970  |7 0  |8 A  |9 233451  |a BIBCUR  |b BIBCUR  |d 2019-11-15  |i 3030407  |o 620.106 HUG 1970  |p 3030407  |r 2025-04-22  |w 2019-11-15  |y BK  |k CIM